| 000 | 00633nam a2200181Ia 4500 | ||
|---|---|---|---|
| 008 | 151202s9999||||xx |||||||||||||| ||und|| | ||
| 082 | _bPNVM-63562 | ||
| 100 | _aअष्टिकर मंदाकिनी. | ||
| 245 | _aएक आस एक ध्यास. | ||
| 260 | _bनिशिगंाा प्रकाशन पुणे. | ||
| 260 | _c63562 | ||
| 300 | _a304 | ||
| 600 | _aअष्टिकर मंदाकिनी. | ||
| 630 | _aएक आस एक ध्यास. | ||
| 700 | _aअष्टिकर मंदाकिनी. | ||
| 730 | _aएक आस एक ध्यास. | ||
| 942 | _cBOOK | ||
| 999 |
_c1330096 _d1330093 |
||